Дело по отношению военного министра о дозволении уволенному от службы прапорщику Чижову из государственных преступников жить в Т...

Доступно только в Электронных читальных залах Найти на картеНа карте
RUSMARC
00003829nmc2a22000003x 450
001a3e90a17-2cb4-44c5-a3c8-006fbc9d7428
00520180712200716.0
100##$a20160226l18431844k l0rusy0189 ca
1010#$arus
102##$aRU
2001#$aДело по отношению военного министра о дозволении уволенному от службы прапорщику Чижову из государственных преступников жить в Тульской губернии, но отнюдь не в Москве или в Санкт-Петербурге и учреждении за ним секретного полицейского надзора
$j6 марта 1843 г. - 10 ноября 1844 г.
251##$cДело
300##$aДело
801#0$aRU
$bРГИА
$c20160226
$gRCR
801#1$aRU
$bГлавНИВЦ
$c20160226
$2rusmarc
801#2$aRU
$bПБ им. Б.Н. Ельцина
$c20180712
$gRCR
$2rusmarc
850##$aРГИА
852##$aРГИА
$eФедеральное казенное учреждение "Российский государственный исторический архив" (РГИА)
$j602
937##$hРГИА
$d12196906
$aASBIBLIO_SCAN
462#0$1001e71f34c7-6ba6-4504-897e-253c950c25bd
$12001
$a1841-1843 гг. Дела Департамента полиции исполнительной МВД за 1843 г.
$1251
$cОпись
$1852
$j8
461#0$10013e300ed0-cd39-49af-8489-5ba5b90fa401
$12001
$aДепартамент полиции исполнительной МВД
$1251
$cФонд
$1852
$j1286
215##$a26 л.
$d36,5х26 см
371##$aДокумент не является опубликованным и широко распространяемым
105##$ay###
1222#$ad
035##$aa3e90a17-2cb4-44c5-a3c8-006fbc9d7428
856##$uhttp://readingroom.main.prlib.ru/item.aspx?id_node=n117295587&mode=full
Формат отображения